Mohammedan Law (Record no. 4391)

MARC details
000 -LEADER
fixed length control field 00385nam a22001577a 4500
005 - DATE AND TIME OF LATEST TRANSACTION
control field 20210831114141.0
008 - FIXED-LENGTH DATA ELEMENTS--GENERAL INFORMATION
fixed length control field 160628b xxu||||| |||| 00| 0 eng d
041 ## - LANGUAGE CODE
Language code of text/sound track or separate title eng
082 ## - DEWEY DECIMAL CLASSIFICATION NUMBER
Item number 10747
Classification number 343.07
100 ## - MAIN ENTRY--AUTHOR NAME
Personal name Tandon, Mahesh Prasad and Rajesh
245 ## - TITLE STATEMENT
Title Mohammedan Law
260 ## - PUBLICATION, DISTRIBUTION, ETC. (IMPRINT)
Name of publisher Allahabad law agency
Year of publication 2000
300 ## - PHYSICAL DESCRIPTION
Number of Pages 384
650 ## - SUBJECT ADDED ENTRY--TOPICAL TERM
Topical Term Management
942 ## - ADDED ENTRY ELEMENTS (KOHA)
Koha item type Books
Holdings
Lost status Damaged status Collection code Home library Current library Shelving location Date acquired Source of acquisition Cost, normal purchase price Full call number Accession Number Koha item type
    Reference JRU Library JRU Library SHELF -1-B 28/06/2016 PURCHASE 100.00 343.07 10747 Books